000 00441ntaaa2200181 4500
003 01
005 20251027201639.0
008 0714s1973 ag 01
040 _aAR-BaBN
_bspa
_cAR-BaBN
_eaacr
_dRIC
082 _a232.0000 Sm5
100 _aSmith, Elwyn Allen
_915164
245 _aMen called him master
250 _a1 ed.
260 _aPhiladelphia :
_bWestminster,
_cc1948
300 _a186 p
650 _aCristo-teologĂ­a
942 _cBK
999 _c11152
_d11152